000 00856nam a22002297a 4500
001 47662
003 BD-RjUL
005 20211209054349.0
008 160810s2009 bg ||||| |||| 00| 0 ben d
020 _a984074805X
_c: TK 155.00
035 _a(BD-RjUL)47781
040 _aBD-RjUL
_bben
_cBD-RjUL
041 _aben
082 _223
_a636.597
_bMIH 2009
100 _aমিয়া, মোঃ আবদুর রাজ্জাক
_9117816
245 1 0 _aহাঁসের খামার ব্যবস্থাপনা /
_cমোঃ আবদুর রাজ্জাক মিয়া
260 _aঢাকা :
_bবাংলা একাডেমী,
_c২০০৯
300 _a[৮], ১৭৬ পৃ. :
_bচিত্র ;
_c২১ সেমি.
650 _aহাঁস
_9144827
650 _aDuck
_9144828
942 _2ddc
_cBK
999 _c47662
_d47662